the lessons of history (Record no. 553643)

000 -LEADER
fixed length control field 00325nam a22001217a 4500
082 ## - DEWEY DECIMAL CLASSIFICATION NUMBER
Classification number 901.9
Author Mark DUR
100 ## - MAIN ENTRY--PERSONAL NAME
Personal name Durant, Ariel
9 (RLIN) 24996
245 ## - TITLE STATEMENT
Title the lessons of history
Remainder of title the art of war
260 ## - PUBLICATION, DISTRIBUTION, ETC.
Place of publication, distribution, etc. Rawalpindi,
Name of publisher, distributor, etc. PAF service clun,
Date of publication, distribution, etc. 1968.
300 ## - PHYSICAL DESCRIPTION
Extent 82p.
526 ## - STUDY PROGRAM INFORMATION NOTE
Program name 0
Interest level 0
Reading level 0
Title point value 901_900000000000000_DUR
942 ## - ADDED ENTRY ELEMENTS (KOHA)
Source of classification or shelving scheme
Koha item type Book
Holdings
Withdrawn status Lost status Source of classification or shelving scheme Damaged status Not for loan Permanent Location Current Location Date acquired Total Checkouts Full call number Barcode Date last seen Date last checked out Price effective from Koha item type
          Military College of Engineering (MCE) Military College of Engineering (MCE) 02/09/2016 1 901.9 DUR MCE-50226 06/28/2019 04/10/2019 02/09/2016 Book
© 2023 Central Library, National University of Sciences and Technology. All Rights Reserved.